|
|
|
|
| LEADER |
00000caa a22000002c 4500 |
| 001 |
1912599775 |
| 003 |
DE-627 |
| 005 |
20250127054954.0 |
| 007 |
cr uuu---uuuuu |
| 008 |
241217s1993 xx |||||o 00| ||eng c |
| 035 |
|
|
|a (DE-627)1912599775
|
| 035 |
|
|
|a (DE-599)KXP1912599775
|
| 040 |
|
|
|a DE-627
|b ger
|c DE-627
|e rda
|
| 041 |
|
|
|a eng
|
| 084 |
|
|
|a 2,1
|2 ssgn
|
| 100 |
1 |
|
|a Laband, David N.
|d 1956-
|e VerfasserIn
|0 (DE-588)170136272
|0 (DE-627)060175532
|0 (DE-576)131044362
|4 aut
|
| 109 |
|
|
|a Laband, David N. 1956-
|a Laband, David 1956-
|a Laband, David Neil 1956-
|a Laband, D. N. 1956-
|
| 245 |
1 |
0 |
|a Is there sex discrimination in the legal profession? Further evidence on tangible and intangible margins
|
| 264 |
|
1 |
|c 1993
|
| 336 |
|
|
|a Text
|b txt
|2 rdacontent
|
| 337 |
|
|
|a Computermedien
|b c
|2 rdamedia
|
| 338 |
|
|
|a Online-Ressource
|b cr
|2 rdacarrier
|
| 700 |
1 |
|
|a Lentz, Bernard Frederic
|e VerfasserIn
|0 (DE-588)170142396
|0 (DE-627)060183691
|0 (DE-576)131049992
|4 aut
|
| 773 |
0 |
8 |
|i Enthalten in
|t The journal of human resources
|d Madison, Wis. : University of Wisconsin Press, 1966
|g 28(1993), 2, Seite 230 -
|h Online-Ressource
|w (DE-627)341338877
|w (DE-600)2066593-3
|w (DE-576)103815988
|x 1548-8004
|7 nnas
|
| 773 |
1 |
8 |
|g volume:28
|g year:1993
|g number:2
|g pages:230 -
|
| 787 |
0 |
8 |
|i Forschungsdaten
|a Hirsch, Ronald L.
|t National Survey of Lawyers' Career Satisfaction, Wave I, 1984, and Wave II, 1990
|d [Erscheinungsort nicht ermittelbar] : [Verlag nicht ermittelbar], 1989
|w (DE-627)1840065796
|
| 856 |
4 |
0 |
|u http://www.jstor.org/stable/146202
|x Verlag
|z lizenzpflichtig
|3 Volltext
|7 1
|
| 935 |
|
|
|a mkri
|
| 951 |
|
|
|a AR
|
| ELC |
|
|
|a 1
|
| LOK |
|
|
|0 000 xxxxxcx a22 zn 4500
|
| LOK |
|
|
|0 001 4637565294
|
| LOK |
|
|
|0 003 DE-627
|
| LOK |
|
|
|0 004 1912599775
|
| LOK |
|
|
|0 005 20241217044628
|
| LOK |
|
|
|0 008 241217||||||||||||||||ger|||||||
|
| LOK |
|
|
|0 035
|a (DE-2619)ICPSR17972
|
| LOK |
|
|
|0 040
|a DE-2619
|c DE-627
|d DE-2619
|
| LOK |
|
|
|0 092
|o n
|
| LOK |
|
|
|0 852
|a DE-2619
|
| LOK |
|
|
|0 852 1
|9 00
|
| LOK |
|
|
|0 935
|a nacp
|
| LOK |
|
|
|0 939
|a 17-12-24
|b l01
|
| ORI |
|
|
|a SA-MARC-krimdoka001.raw
|